Desarrollo psicomotor de la primera infancia

Сохранить в:
Библиографические подробности
Главные авторы: Koupernik, Cyrille (Автор), Saule, Michel (Автор)
Формат:
Язык:испанский
Опубликовано: Barcelona Planeta 1976
Серии:Biblioteca Paideia, 14
Предметы:
Метки: Добавить метку
Нет меток, Требуется 1-ая метка записи!

MARC

LEADER 00000nam a2200000 a 4500
001 UCW4648
003 CL-VaPUC
008 900611e19760000SP |||||||||||||||||spa|d
082 0 4 |a 155.412  |b KOU  |2 21 
100 0 |a Koupernik, Cyrille  |e author  |9 309436 
700 0 |a Saule, Michel  |e author  |9 309437 
245 1 0 |a Desarrollo psicomotor de la primera infancia 
300 |a 203 p 
942 |c BK 
945 |d 19900611 00:00:00 
260 |a Barcelona  |b Planeta  |c 1976 
650 0 |a Aptitud motora   |9 307353 
650 0 |a Psicología del niño  |9 307305 
650 0 |a Desarrollo infantil  |9 308064 
583 |a last modification  |c 20130106 10:49:56  |k Rodrigo Vera 
490 0 |a Biblioteca Paideia, 14 
999 |c 218318  |d 218316 
952 |0 0  |1 0  |4 0  |6 155_412000000000000_KOU_1976  |7 0  |8 P  |9 207670  |a BIBEDU  |b BIBEDU  |c BIBEDU_PB  |d 2019-11-15  |i 275472K  |o 155.412 KOU 1976  |p 275472K  |r 2024-01-25  |w 2019-11-15  |y BK  |k EDU 
952 |0 0  |1 0  |4 0  |6 155_412000000000000_KOU_1976  |7 0  |8 P  |9 207671  |a BIBEDU  |b BIBEDU  |c BIBEDU_PB  |d 2019-11-15  |i 1543644  |o 155.412 KOU 1976  |p 1543644  |r 2024-01-25  |w 2019-11-15  |y BK  |k EDU 
952 |0 0  |1 0  |4 0  |6 155_412000000000000_KOU_1976  |7 0  |8 P  |9 207672  |a BIBEDU  |b BIBEDU  |c BIBEDU_PB  |d 2019-11-15  |i 1543652  |o 155.412 KOU 1976  |p 1543652  |r 2024-01-25  |w 2019-11-15  |y BK  |k EDU 
952 |0 0  |1 0  |4 0  |6 155_412000000000000_KOU_1976  |7 0  |8 P  |9 207673  |a BIBEDU  |b BIBEDU  |c BIBEDU_PB  |d 2019-11-15  |i 1543784  |o 155.412 KOU 1976  |p 1543784  |r 2024-01-25  |w 2019-11-15  |y BK  |k EDU